One Brooklyn Nets Player By Season - Statistics

General Stats
  • This quiz has been taken 250 times
    85 since last reset
  • The average score is 26 of 49
Answer Stats
Season Players Full List % Correct
2020-21 Kevin Durant | Kyrie Irving | James Harden | Joe Harris | Caris LeVert | Jeff Green | Jarrett Allen | LaMarcus Aldridge | Landry Shamet | Bruce Brown | DeAndre Jordan | Blake Griffin | Spencer Dinwiddie | Nicolas Claxton | Mike James | Taurean Prince | Timothé Luwawu-Cabarrot | Tyler Johnson | Andre Roberson | Alize Johnson | Chris Chiozza | Norvel Pelle | Reggie Perry | Iman Shumpert | Tyler Cook | Rodions Kurucs | Noah Vonleh
100%
2022-23 Kevin Durant | Kyrie Irving | Royce O'Neale | Nic Claxton | Ben Simmons | Joe Harris | Seth Curry | T.J. Warren | Yuta Watanabe | Edmond Sumner | Cam Thomas | Patty Mills | Markieff Morris | David Duke Jr. | Day'Ron Sharpe | Kessler Edwards | Alondes Williams | Spencer Dinwiddie | RaiQuan Gray | Mikal Bridges | Cameron Johnson | Dorian Finney-Smith | Nerlens Noël | Dru Smith | Moses Brown
99%
2021-22 Kevin Durant | James Harden | Kyrie Irving | Seth Curry | Patty Mills | Joe Harris | Kessler Edwards | LaMarcus Aldridge | Bruce Brown | Andre Drummond | Nic Claxton | DeAndre' Bembry | Cam Thomas | James Johnson | Blake Griffin | David Duke Jr. | Langston Galloway | Day'Ron Sharpe | Jevon Carter | Shaquille Harrison | Paul Millsap | James Ennis III | Wenyen Gabriel | Goran Dragić
99%
2024-25 Dennis Schröder | Cameron Johnson | Cam Thomas | Dorian Finney-Smith | Drew Timme | Killian Hayes | Nic Claxton | Jalen Wilson | Ben Simmons | D'Angelo Russell | Ziaire Williams | Keon Johnson | Tosan Evbuomwan | Noah Clowney | Tyrese Martin | Tyson Etienne | Trendon Watford | Shake Milton | Day'Ron Sharpe | Maxwell Lewis | Reece Beekman | Dariq Whitehead | Cui Yongxi | Jaylen Martin
97%
2023-24 Cam Thomas | Mikal Bridges | Dennis Schröder | Cameron Johnson | Spencer Dinwiddie | Nic Claxton | Lonnie Walker IV | Dorian Finney-Smith | Royce O'Neale | Trendon Watford | Day'Ron Sharpe | Dennis Smith Jr. | Keon Johnson | Ben Simmons | Noah Clowney | Jalen Wilson | Armoni Brooks | Harry Giles | Keita Bates-Diop | Dariq Whitehead | Jacob Gilyard
97%
2019-20 Kyrie Irving | Spencer Dinwiddie | Joe Harris | Caris LeVert | Taurean Prince | Garrett Temple | Jarrett Allen | Tyler Johnson | DeAndre Jordan | Wilson Chandler | Iman Shumpert | Timothé Luwawu-Cabarrot | Donta Hall | Chris Chiozza | Rodions Kurucs | Lance Thomas | David Nwaba | Nicolas Claxton | Džanan Musa | Theo Pinson | Jeremiah Martin | Justin Anderson | Jamal Crawford | Henry Ellenson
97%
2014-15 Joe Johnson | Deron Williams | Thaddeus Young | Brook Lopez | Jarrett Jack | Bojan Bogdanović | Alan Anderson | Mirza Teletović | Mason Plumlee | Kevin Garnett | Sergey Karasev | Markel Brown | Cory Jefferson | Earl Clark | Jerome Jordan | Darius Morris | Brandon Davies | Andrei Kirilenko | Jorge Gutiérrez
82%
2013-14 Joe Johnson | Deron Williams | Brook Lopez | Paul Pierce | Shaun Livingston | Marcus Thornton | Alan Anderson | Andray Blatche | Kevin Garnett | Mirza Teletović | Andrei Kirilenko | Mason Plumlee | Jorge Gutiérrez | Jason Terry | Reggie Evans | Tyshawn Taylor | Marquis Teague | Tornike Shengelia | Jason Collins
82%
2018-19 D'Angelo Russell | Joe Harris | Spencer Dinwiddie | Caris LeVert | Allen Crabbe | Jarrett Allen | DeMarre Carroll | Rondae Hollis-Jefferson | Jared Dudley | Rodions Kurucs | Treveon Graham | Ed Davis | Shabazz Napier | Theo Pinson | Kenneth Faried | Mitch Creek | Tahjere McCall | Alan Williams | Džanan Musa
79%
2016-17 Brook Lopez | Bojan Bogdanović | Sean Kilpatrick | Trevor Booker | Jeremy Lin | Spencer Dinwiddie | Rondae Hollis-Jefferson | Isaiah Whitehead | Joe Harris | Caris LeVert | Randy Foye | Justin Hamilton | Quincy Acy | Archie Goodwin | Yogi Ferrell | K.J. McDaniels | Greivis Vásquez | Luis Scola | Anthony Bennett | Andrew Nicholson | Chris McCullough
79%
2015-16 Joe Johnson | Brook Lopez | Thaddeus Young | Jarrett Jack | Bojan Bogdanović | Sean Kilpatrick | Shane Larkin | Donald Sloan | Wayne Ellington | Rondae Hollis-Jefferson | Henry Sims | Markel Brown | Chris McCullough | Andrea Bargnani | Thomas Robinson | Willie Reed | Sergey Karasev
78%
2012-13 Joe Johnson | Deron Williams | Brook Lopez | Gerald Wallace | Reggie Evans | Keith Bogans | C.J. Watson | Andray Blatche | Kris Humphries | Jerry Stackhouse | MarShon Brooks | Mirza Teletović | Kris Joseph | Josh Childress | Tyshawn Taylor | Tornike Shengelia | Damion James
78%
2011-12 Deron Williams | Gerald Wallace | Kris Humphries | MarShon Brooks | Brook Lopez | Mehmet Okur | Anthony Morrow | Gerald Green | Damion James | Shelden Williams | Jordan Farmar | Shawne Williams | Keith Bogans | DeShawn Stevenson | Johan Petro | Armon Johnson | Jordan Williams | Sundiata Gaines | Larry Owens | Jerry Smith | Andre Emmett | Dennis Horner
78%
2008-09 Vince Carter | Devin Harris | Brook Lopez | Keyon Dooling | Jarvis Hayes | Bobby Simmons | Yi Jianlian | Trenton Hassell | Ryan Anderson | Josh Boone | Chris Douglas-Roberts | Eduardo Nájera | Sean Williams | Stromile Swift | Maurice Ager
78%
2004-05 Jason Kidd | Vince Carter | Richard Jefferson | Eric Williams | Jason Collins | Nenad Krstić | Alonzo Mourning | Ron Mercer | Brian Scalabrine | Clifford Robinson | Rodney Buford | Jacque Vaughn | Travis Best | Jabari Smith | Billy Thomas | Zoran Planinić | Aaron Williams | Kaniel Dickens | Donnell Harvey | Elden Campbell | Awvee Storey | Jérôme Moïso
78%
2001-02 Jason Kidd | Kenyon Martin | Kerry Kittles | Keith Van Horn | Richard Jefferson | Todd MacCulloch | Lucious Harris | Aaron Williams | Jason Collins | Anthony Johnson | Brian Scalabrine | Derrick Dial | Donny Marshall | Brandon Armstrong | Steve Goodrich | Reggie Slater
78%
2007-08 Jason Kidd | Vince Carter | Richard Jefferson | Devin Harris | Antoine Wright | Josh Boone | Boštjan Nachbar | Nenad Krstić | Sean Williams | Marcus Williams | Jason Collins | Malik Allen | DeSagana Diop | Stromile Swift | Trenton Hassell | Eddie Gill | Darrell Armstrong | Jamaal Magloire | Maurice Ager | Billy Thomas
76%
2006-07 Jason Kidd | Vince Carter | Richard Jefferson | Nenad Krstić | Mikki Moore | Jason Collins | Boštjan Nachbar | Clifford Robinson | Antoine Wright | Eddie House | Marcus Williams | Josh Boone | Hassan Adams | Bernard Robinson | Mile Ilić
76%
2002-03 Jason Kidd | Richard Jefferson | Kenyon Martin | Kerry Kittles | Lucious Harris | Jason Collins | Dikembe Mutombo | Aaron Williams | Rodney Rogers | Anthony Johnson | Brian Scalabrine | Chris Childs | Tamar Slay | Brandon Armstrong | Donny Marshall
76%
2005-06 Jason Kidd | Vince Carter | Richard Jefferson | Nenad Krstić | Jason Collins | Clifford Robinson | John Thomas | Jeff McInnis | Derrick Zimmerman | Jacque Vaughn | Marc Jackson | Scott Padgett | Zoran Planinić | Lamond Murray | Antoine Wright | Boštjan Nachbar | Linton Johnson
75%
2003-04 Jason Kidd | Richard Jefferson | Kerry Kittles | Kenyon Martin | Jason Collins | Lucious Harris | Rodney Rogers | Aaron Williams | Alonzo Mourning | Brian Scalabrine | Zoran Planinić | Robert Pack | Brandon Armstrong | Tamar Slay | Damone Brown | Hubert Davis | Doug Overton | Anthony Goldwire | Mikki Moore
75%
2010-11 Deron Williams | Brook Lopez | Anthony Morrow | Devin Harris | Travis Outlaw | Sasha Vujačić | Kris Humphries | Jordan Farmar | Terrence Williams | Derrick Favors | Mario West | Stephen Graham | Damion James | Troy Murphy | Sundiata Gaines | Dan Gadzuric | Johan Petro | Brandan Wright | Ben Uzoh | Quinton Ross | Joe Smith | Orien Greene
73%
2009-10 Brook Lopez | Devin Harris | Courtney Lee | Yi Jianlian | Rafer Alston | Chris Douglas-Roberts | Jarvis Hayes | Terrence Williams | Trenton Hassell | Kris Humphries | Keyon Dooling | Bobby Simmons | Josh Boone | Eduardo Nájera | Sean Williams | Chris Quinn | Tony Battie
73%
2017-18 D'Angelo Russell | Caris LeVert | DeMarre Carroll | Allen Crabbe | Spencer Dinwiddie | Rondae Hollis-Jefferson | Joe Harris | Jeremy Lin | Trevor Booker | Dante Cunningham | Jarrett Allen | Quincy Acy | Tyler Zeller | Nik Stauskas | Jahlil Okafor | Milton Doyle | James Webb III | Timofey Mozgov | Sean Kilpatrick | Isaiah Whitehead | Jacob Wiley | Rashad Vaughn
72%
2000-01 Stephon Marbury | Keith Van Horn | Kenyon Martin | Kendall Gill | Aaron Williams | Lucious Harris | Doug Overton | Johnny Newman | Jamie Feick | Mark Strickland | Stephen Jackson | Eddie Gill | Sherman Douglas | Evan Eschmeyer | Jamel Thomas | Jim McIlvaine | Vladimir Stepania | Kevin Ollie | Soumaila Samake
42%
1992-93 Dražen Petrović | Kenny Anderson | Derrick Coleman | Chris Morris | Sam Bowie | Rumeal Robinson | Chris Dudley | Rafael Addison | Chucky Brown | Maurice Cheeks | Rick Mahorn | Bernard King | Jayson Williams | Tate George | Dwayne Schintzius | Doug Lee | Dave Hoppen | Dan O'Sullivan
39%
1998-99 Stephon Marbury | Keith Van Horn | Kerry Kittles | Jayson Williams | Jamie Feick | Kendall Gill | Eric Murdock | Sam Cassell | Scott Burrell | Doug Overton | Mark Hendrickson | Lucious Harris | Chris Gatling | Chris Carr | Jim McIlvaine | Damon Jones | Brian Evans | William Cunningham | David Vaughn | Earl Boykins | Rony Seikaly | Elliot Perry | Gheorghe Mureșan
34%
1994-95 Derrick Coleman | Kenny Anderson | Kevin Edwards | P.J. Brown | Armen Gilliam | Chris Morris | Benoit Benjamin | Chris Childs | Rex Walters | Sleepy Floyd | Jayson Williams | Sean Higgins | Rick Mahorn | Dwayne Schintzius | Yinka Dare
34%
1993-94 Kenny Anderson | Derrick Coleman | Kevin Edwards | Chris Morris | P.J. Brown | Armen Gilliam | Benoit Benjamin | Johnny Newman | Rumeal Robinson | Ron Anderson | Jayson Williams | Dwayne Schintzius | David Wesley | Rick Mahorn | Rex Walters | Dave Jamerson
34%
1997-98 Keith Van Horn | Kerry Kittles | Jayson Williams | Sam Cassell | Kendall Gill | Chris Gatling | Sherman Douglas | Rony Seikaly | Michael Cage | David Benoit | Lucious Harris | Kevin Edwards | Brian Evans | David Vaughn | Xavier McDaniel | Yinka Dare | Don MacLean | Jack Haley
30%
1991-92 Dražen Petrović | Mookie Blaylock | Derrick Coleman | Chris Morris | Sam Bowie | Chris Dudley | Terry Mills | Kenny Anderson | Rafael Addison | Tate George | Jud Buechler | Doug Lee | Dave Feitl
30%
1995-96 Kendall Gill | Armen Gilliam | P.J. Brown | Kenny Anderson | Chris Childs | Shawn Bradley | Kevin Edwards | Jayson Williams | Vern Fleming | Ed O'Bannon | Khalid Reeves | Greg Graham | Yinka Dare | Rick Mahorn | Rex Walters | Tim Perry | Robert Werdann | Gerald Glass
28%
1990-91 Reggie Theus | Mookie Blaylock | Derrick Coleman | Chris Morris | Sam Bowie | Chris Dudley | Dražen Petrović | Greg Anderson | Jack Haley | Terry Mills | Lester Conner | Derrick Gervin | Jud Buechler | Tate George | Roy Hinson | Kurk Lee
28%
1984-85 Buck Williams | Micheal Ray Richardson | Otis Birdsong | Mike Gminski | Mike O'Koren | Darryl Dawkins | Ron Brewer | Kelvin Ransey | Albert King | Jeff Turner | Kevin McKenna | Darwin Cook | George Johnson | Michael Wilson | Chris Engler | Wayne Sappleton | Tom LaGarde
28%
1983-84 Buck Williams | Otis Birdsong | Darryl Dawkins | Micheal Ray Richardson | Albert King | Kelvin Ransey | Darwin Cook | Mike Gminski | Mike O'Koren | Bill Willoughby | Reggie Johnson | Foots Walker | Bruce Kuczenski | Mark Jones
28%
1982-83 Buck Williams | Micheal Ray Richardson | Darwin Cook | Albert King | Otis Birdsong | Darryl Dawkins | Mickey Johnson | Phil Ford | Foots Walker | Mike O'Koren | Mike Gminski | Len Elmore | Sleepy Floyd | Eddie Phillips | Bill Willoughby | James Bailey | Jan van Breda Kolff
28%
1996-97 Kendall Gill | Jim Jackson | Kerry Kittles | Jayson Williams | Robert Pack | Sam Cassell | Shawn Bradley | Chris Gatling | Eric Montross | Tony Massenburg | Khalid Reeves | Xavier McDaniel | Lloyd Daniels | Joe Kleine | Reggie Williams | Kevin Edwards | Ed O'Bannon | Adrian Caldwell | Evric Gray | Yinka Dare | Vincent Askew | Robert Werdann | Jack Haley
27%
1985-86 Buck Williams | Micheal Ray Richardson | Mike Gminski | Otis Birdsong | Albert King | Darwin Cook | Darryl Dawkins | Mickey Johnson | Kelvin Ransey | Mike O'Koren | Rod Higgins | Ray Williams | Jeff Turner | Bobby Cattage | Yvon Joseph
27%
1986-87 Buck Williams | Orlando Woolridge | Mike Gminski | Tony Brown | Ray Williams | Leon Wood | Pearl Washington | Albert King | Otis Birdsong | Darryl Dawkins | Kevin McKenna | James Bailey | Ben Coleman | Jeff Turner | Pace Mannion | Michael Wilson | Chris Engler
24%
1987-88 Buck Williams | Roy Hinson | Mike Gminski | John Bagley | Orlando Woolridge | Tim McCormick | Otis Birdsong | Ben Coleman | Dudley Bradley | Dennis Hopson | Pearl Washington | Adrian Branch | Dallas Comegys | Mike O'Koren | Kevin McKenna | Duane Washington | Jamie Waller | Johnny Moore | Ricky Wilson | Chris Engler
22%
1981-82 Buck Williams | Ray Williams | Otis Birdsong | Len Elmore | Darwin Cook | Mike O'Koren | Foots Walker | Albert King | Mike Woodson | James Bailey | Sam Lacey | Mike Gminski | David Burns | Joe Cooper | Jan van Breda Kolff | Ray Tolbert
22%
1999-00 Stephon Marbury | Keith Van Horn | Kendall Gill | Kerry Kittles | Jamie Feick | Johnny Newman | Lucious Harris | Scott Burrell | Jim McIlvaine | Sherman Douglas | Elliot Perry | Michael Cage | Evan Eschmeyer | Gheorghe Mureșan | Mark Hendrickson
19%
1976-77 Tiny Archibald | John Williamson | Mike Bantom | Jan van Breda Kolff | Tim Bassett | Al Skinner | Bubbles Hawkins | Rich Jones | Kim Hughes | Dave Wohl | Mel Davis | Chuck Terry | Bob Love | Jim Fox | Larry McNeill | Mel Daniels | Rudy Hackett | Earl Williams
19%
1988-89 Buck Williams | Joe Barry Carroll | Roy Hinson | Lester Conner | Chris Morris | Mike McGee | Dennis Hopson | John Bagley | Walter Berry | Keith Lee | Kevin Williams | Corey Gaines | Bill Jones | Charles Shackleford | Ron Cavenall
16%
1978-79 Bernard King | John Williamson | Eric Money | Eddie Jordan | George Johnson | Jan van Breda Kolff | Harvey Catchings | Bob Elliott | Tim Bassett | Wilson Washington | Phil Jackson | Winford Boynes | Ralph Simpson | Al Skinner
16%
1977-78 Bernard King | John Williamson | Kevin Porter | Al Skinner | George Johnson | Bob Carrington | Darnell Hillman | Bubbles Hawkins | Tim Bassett | Howard Porter | Wilson Washington | Jan van Breda Kolff | Eddie Jordan | Bird Averitt | Kim Hughes | Louie Nelson | Dave Wohl | Mark Crow
16%
1979-80 Calvin Natt | Eddie Jordan | Maurice Lucas | Mike Newlin | Jan van Breda Kolff | John Williamson | George Johnson | Rich Kelley | Cliff Robinson | Roger Phegley | Winford Boynes | Bob Elliott | Tim Bassett | Robert Smith | Phil Jackson | Ralph Simpson
13%
1980-81 Mike Newlin | Maurice Lucas | Mike O'Koren | Cliff Robinson | Foots Walker | Mike Gminski | Darwin Cook | Lowes Moore | Jan van Breda Kolff | Bob Elliott | Eddie Jordan | Edgar Jones | Bob McAdoo | Rory Sparrow
10%
1989-90 Sam Bowie | Dennis Hopson | Roy Hinson | Chris Morris | Lester Conner | Purvis Short | Mookie Blaylock | Chris Dudley | Charles Shackleford | Joe Barry Carroll | Pete Myers | Jack Haley | Derrick Gervin | Stanley Brundy | Leon Wood | Jay Taylor | Jaren Jackson | Anthony Mason | Rick Carlisle
4%
No matching quizzes found
Score Distribution
Percent of People with Each Score
Percentile by Number Answered
Your Score History
You have not taken this quiz since the last reset